| 000 | 01382nam a2200349 c 4500 | ||
|---|---|---|---|
| 003 | BLK | ||
| 005 | 20230407135403.0 | ||
| 008 | 180411b bul|||||r ||||||| ||bul|| | ||
| 010 | _aKNG00175275000 | ||
| 020 |
_a978-954-641-042-9 _bиздат.: Пергамент прес |
||
| 040 | _aBLK | ||
| 041 |
_aBUL _cBUL |
||
| 072 | 7 |
_2bullib _aН83 _xЧужда художествена литература Н |
|
| 080 |
_aЯпонска литература _b821.521 _x-84 _z821.521-84 |
||
| 700 | 1 |
_aЙотов, Станимир Ботев _9373004 |
|
| 139 |
_aМъдростта на древна Япония _bМ 97 |
||
| 245 | 1 | 0 |
_aМъдростта на древна Япония _bЦвете, птица, вятър, луна... _cсъстав. и прев. Станимир Ботев Йотов. |
| 257 | _aJAP | ||
| 260 |
_аСофия _bПергамент прес _c2012 _fСофия : Симолини |
||
| 300 |
_a165 с. _c17 см |
||
| 380 | _aX | ||
| 490 | 1 |
_aБележки от вечността _vкн. 2 |
|
| 653 | _aафоризми | ||
| 653 | _aпословици | ||
| 653 | _aпоговорки | ||
| 659 | _aН | ||
| 852 | _aЦб І 35882 | ||
| 856 | 4 |
_qpdf _u |
|
| 856 | 4 |
_qpdf _u |
|
| 942 |
_cKNG _n0 _05 |
||
| 944 |
_aCR _c14.05.2015 _lф / _kВиолета_Тройчева |
||
| 944 |
_aED _c02.02.2017 _lф / _kЛюдмила_Стоянова |
||
| 999 |
_c167467 _d167467 |
||